000 00824nam a2200253Ia 4500
003 OSt
005 20221005113132.0
006 a|||||r|||| 00| 0
007 ta
008 221004b |||||||| |||| 00| 0 pan d
020 _a8187762497 (hbk)
_c400
024 _a96192
037 _b222, 01/01/2009, H.K. Prakashan
_cTextual
040 _aCRL
_cCRL
_bpan
041 _2pan
_apan
082 _aO153,3NDEEx, P7
100 _aਇਕ਼ਬਾਲ ਦੀਪ
245 0 _aਤਿੰਨ ਨਾਵਲ
260 _aਦਿੱਲੀ
_bੈਐਚ ਕੇ ਪ੍ਰਕਾਨ ਭਾਰਤ
_c2007
300 _a325ਪੰ
_ccm.
650 _aਪੰਜਾਬੀ ਸਾਹਿਤ
942 _hO153,3NDEEx, P7
_cTEXL
_2cc
999 _c1027157
_d1027157